Inside Fashion Design (Record no. 1665)
[ view plain ]
| 000 -LEADER | |
|---|---|
| fixed length control field | 00345nam a2200145Ia 4500 |
| 008 - FIXED-LENGTH DATA ELEMENTS--GENERAL INFORMATION | |
| fixed length control field | 191201s2004 xx 000 0 und d |
| 082 ## - DEWEY DECIMAL CLASSIFICATION NUMBER | |
| Classification number | 746.92 |
| Item number | LEI |
| 100 ## - MAIN ENTRY--PERSONAL NAME | |
| Personal name | LEE TATE, Sharon |
| 245 #0 - TITLE STATEMENT | |
| Title | Inside Fashion Design |
| 250 ## - EDITION STATEMENT | |
| Edition statement | 5th |
| 260 ## - PUBLICATION, DISTRIBUTION, ETC. (IMPRINT) | |
| Place of publication, distribution, etc | N.Delhi |
| Name of publisher, distributor, etc | Pearson Education |
| Date of publication, distribution, etc | 2004 |
| 300 ## - PHYSICAL DESCRIPTION | |
| Extent | 476 |
| 650 ## - SUBJECT ADDED ENTRY--TOPICAL TERM | |
| Topical term or geographic name as entry element | B.Tech(TE) |
| 942 ## - ADDED ENTRY ELEMENTS (KOHA) | |
| Source of classification or shelving scheme | Dewey Decimal Classification |
| Koha item type | Text Books |
| Withdrawn status | Lost status | Source of classification or shelving scheme | Damaged status | Not for loan | Collection code | Home library | Current library | Date acquired | Source of acquisition | Cost, normal purchase price | Bill Number | Total Checkouts | Full call number | Acc. no. / Barcode | Date last seen | Bill Date | Koha item type | Checked out | Date last borrowed |
|---|---|---|---|---|---|---|---|---|---|---|---|---|---|---|---|---|---|---|---|
| Dewey Decimal Classification | B.Tech(TE) | PIET C-LIBRARY | PIET C-LIBRARY | 19/08/2006 | M/s UDH , Delhi | 250.00 | 125382 | 746.92 LEI | 2951 | 04/12/2019 | 23/08/2005 | Text Books | |||||||
| Dewey Decimal Classification | B.Tech(TE) | PIET C-LIBRARY | PIET C-LIBRARY | 19/08/2006 | M/s UDH , Delhi | 250.00 | 125382 | 1 | 746.92 LEI | 2952 | 05/11/2020 | 23/08/2005 | Text Books | 19/11/2020 | 05/11/2020 | ||||
| Dewey Decimal Classification | B.Tech(TE) | PIET C-LIBRARY | PIET C-LIBRARY | 19/08/2006 | M/s UDH , Delhi | 250.00 | 125382 | 746.92 LEI | 2953 | 04/12/2019 | 23/08/2005 | Text Books | |||||||
| Dewey Decimal Classification | B.Tech(TE) | PIET C-LIBRARY | PIET C-LIBRARY | 29/08/2006 | M/s UDH, Delhi | 400.00 | 10395 | 746.92 LEI | 4982 | 04/12/2019 | 16/01/2006 | Text Books | |||||||
| Dewey Decimal Classification | B.Tech(TE) | PIET C-LIBRARY | PIET C-LIBRARY | 29/08/2006 | M/s UDH, Delhi | 400.00 | 10395 | 746.92 LEI | 4983 | 04/12/2019 | 16/01/2006 | Text Books | |||||||
| Dewey Decimal Classification | B.Tech(TE) | PIET C-LIBRARY | PIET C-LIBRARY | 29/08/2006 | Abhishek Publications | 400.00 | 7985 | 1 | 746.92 LEI | 4984 | 18/11/2023 | 10/02/2006 | Text Books | 16/05/2024 | 18/11/2023 |